000 00497nam a2200181Ia 4500
005 20250508154442.0
008 008 250505s9999 xx 000 0 eng d
037 _aTextual
040 _aFEDL
_beng
_cFEDL
041 _aeng
_2eng
084 _a907, STR
_qFEDL
100 _aStrong C F
245 0 _aHistory in the secondary school
260 _aLondon, UK
_bUniveristy of London Press Limited
_c1964
300 _a189p.
942 _cTEXL
_h907, STR
999 _c1350339
_d1350339